Practice & procedure of Parliament, (Record no. 81063)

MARC details
000 -LEADER
fixed length control field 00839cam a22002531 4500
001 - CONTROL NUMBER
control field sa 68006012
003 - CONTROL NUMBER IDENTIFIER
control field DLC
005 - DATE AND TIME OF LATEST TRANSACTION
control field 20260227112513.0
008 - FIXED-LENGTH DATA ELEMENTS--GENERAL INFORMATION
fixed length control field 681209s1968 ii 000 0 eng
010 ## - LIBRARY OF CONGRESS CONTROL NUMBER
LC control number sa 68006012
025 ## - OVERSEAS ACQUISITION NUMBER
Overseas acquisition number PL480:I-E-9858
040 ## - CATALOGING SOURCE
Original cataloging agency DLC
Transcribing agency DLC
Modifying agency DLC
050 00 - LIBRARY OF CONGRESS CALL NUMBER
Classification number JQ264
Item number .A3 1968
082 00 - DEWEY DECIMAL CLASSIFICATION NUMBER
Classification number 328.54/05
100 1# - MAIN ENTRY--PERSONAL NAME
Personal name Kaul, M. N.
Fuller form of name (Maheshwar Nath)
245 10 - TITLE STATEMENT
Title Practice & procedure of Parliament,
Remainder of title with particular reference to Lok Sabha
Statement of responsibility, etc. [by] M. N. Kaul and S. L. Shakdher. Foreword by Hukam Singh.
250 ## - EDITION STATEMENT
Edition statement [1st ed.]
260 ## - PUBLICATION, DISTRIBUTION, ETC.
Place of publication, distribution, etc. Delhi,
Name of publisher, distributor, etc. Metropolitan Book Co.
Date of publication, distribution, etc. [1968]
300 ## - PHYSICAL DESCRIPTION
Extent xliii, 1009 p.
Dimensions 25 cm.
350 ## - PRICE (NR) (BK AM CF MU VM SE) [OBSOLETE]
Price Rs 55
-- $12.50
610 10 - SUBJECT ADDED ENTRY--CORPORATE NAME
Corporate name or jurisdiction name as entry element India.
Subordinate unit Parliament.
-- Lok Sabha
General subdivision Rules and practice.
610 10 - SUBJECT ADDED ENTRY--CORPORATE NAME
Corporate name or jurisdiction name as entry element India.
Subordinate unit Parliament
General subdivision Rules and practice.
700 1# - ADDED ENTRY--PERSONAL NAME
Personal name Shakdher, S. L.,
Dates associated with a name 1918-

No items available.

Powered by Koha